[Event "HCL-M013"]
[Site "www.playchess.de"]
[Date "2001.04.28"]
[Round "10"]
[White "ARMAGEDON_8"]
[Black "Alexdan"]
[WhiteElo "2232"]
[BlackElo "2274"]
[PlyCount "52"]
[Result "1/2-1/2"]

1.e4 c6 2.d4 d5 3.Nc3 {sorry, for my 
uhnkindness,good luck!!}  dxe4 {Best wishes for 
you!}  4.Nxe4 Nd7 5.Ng5 e6 6.Bd3 Be7 7.N1f3 {you 
choosed not the best theoritical 
variation,improvements?}  Ngf6 {I like this one. 
Which variation do you consider the best?}  8.O-O 
{I PREFER BISHOP TO D6,BUT EVERYTHING IT'S A 
MATTER OF TASTE}  h6 9.Ne4 Nxe4 10.Bxe4 Nf6 11.Bd3 
Qc7 12.Ne5 O-O 13.Bf4 Rd8 14.Qf3 Rxd4 15.c3 Rd5 
16.Ng4 e5 17.Nxf6+ Bxf6 18.Bc1 Qe7 19.Qe4 g6 
20.Bc4 Bf5 21.Qf3 Rc5 22.Qe2 Rd8 23.Be3 Rxc4 
24.Qxc4 Bd3 25.Qa4 Bxf1 26.Rxf1 
Bg7 1/2-1/2

[Event "HCL-M013"]
[Site "www.playchess.de"]
[Date "2001.04.28"]
[Round "20"]
[White "Goofy"]
[Black "Alexdan"]
[WhiteElo "2228"]
[BlackElo "2274"]
[PlyCount "62"]
[Result "1/2-1/2"]

1.d4 d5 2.c4 c6 3.Nc3 Nf6 {Hi Goofy, nice to meet 
you again!}  4.Nf3 {Hi, good luck!}  dxc4 5.a4 Bf5 
6.Ne5 Nbd7 7.Nxc4 Nd5 8.f3 e5 9.Nxe5 Nxe5 10.dxe5 
Bb4 11.Bd2 Nxc3 12.Bxc3 Bxc3+ 13.bxc3 Qa5 14.Qb3 
Qxe5 15.e4 O-O 16.Rd1 Rad8 17.Rxd8 Rxd8 18.Bc4 Qc5 
19.Bxf7+ Kh8 20.Ke2 Bxe4 21.fxe4 Qg5 22.Rd1 Qxg2+ 
23.Ke3 Qh3+ 24.Kf4 Qxh2+ 25.Kf3 Qh3+ 26.Kf4 Qh4+ 
27.Kf3 Rxd1 28.Qxd1 Qf6+ 29.Ke3 Qxf7 30.Qd8+ Qg8 
31.Qe7 Qc8 1/2-1/2

[Event "HCL-E030"]
[Site "www.playchess.de"]
[Date "2001.04.28"]
[Round "8"]
[White "Chris"]
[Black "doctordeath"]
[WhiteElo "2096"]
[BlackElo "2100"]
[PlyCount "58"]
[Result "0-1"]

1.d4 d5 2.Nf3 Nf6 3.e3 Bg4 4.Nbd2 Nc6 5.Be2 e6 
6.O-O Bd6 7.b3 O-O 8.Bb2 Ne4 9.c4 f5 10.c5 Be7 
11.Rc1 Rf6 12.a3 a5 13.h3 Bh5 14.Ne5 Bxe2 15.Qxe2 
Nxe5 16.dxe5 Rg6 17.Nxe4 fxe4 18.Bd4 c6 19.Rca1 
Bh4 20.b4 Qg5 21.f4 exf3 22.Qxf3 h5 23.Kh1 Bg3 
24.Qf7+ Kh7 25.Rf6 axb4 26.Qxb7 Rxa3 27.Rxg6 Qxg6 
28.Rf1 Ra2 29.Qxb4 Be1 0-1

[Event "HCL-C208"]
[Site "www.playchess.de"]
[Date "2001.04.28"]
[Round "2"]
[White "ALTUS"]
[Black "mesonyx"]
[WhiteElo "1000"]
[BlackElo "1000"]
[PlyCount "57"]
[Result "1-0"]

1.d4 d5 2.c3 Nc6 3.e3 {Hi Mesonyx.}  e6 4.g3 Nf6 
{hi altus}  5.Na3 Bd7 6.Nb5 a6 7.Na3 g5 8.Nf3 Rg8 
9.Bg2 h6 10.Rf1 b5 11.b4 Bd6 12.Bb2 Ne4 13.Bh3 Rg6 
14.Ne5 Nxe5 15.f3 Nf6 16.dxe5 Bxe5 17.f4 Bd6 18.f5 
exf5 19.Bxf5 Rg8 20.Bxd7+ Kxd7 21.c4 Bxb4+ 22.Ke2 
Ne4 23.Rxf7+ Kc6 24.cxd5+ Qxd5 25.Nc2 Qc4+ 26.Qd3 
Qxf7 27.Nxb4+ Kc5 28.Qxe4 Rae8 
29.Qd4+ 1-0

[Event "HCL-E035"]
[Site "www.playchess.de"]
[Date "2001.04.28"]
[Round "10"]
[White "NOHAU"]
[Black "benoniman"]
[WhiteElo "2173"]
[BlackElo "2000"]
[PlyCount "57"]
[Result "1-0"]

1.e4 e6 2.d4 d5 3.Nd2 Nf6 4.e5 Nfd7 5.Bd3 c5 6.c3 
Nc6 7.Ne2 cxd4 8.cxd4 f6 9.exf6 Qxf6 10.Nf3 h6 
11.Nc3 Bd6 12.Nb5 Bb8 13.Be3 a6 14.Nc3 O-O 15.Rc1 
Bd6 16.Bc2 Rd8 17.O-O Nf8 18.Re1 Bd7 19.h3 Be8 
20.Nh2 Bg6 21.Ng4 Qh4 22.f4 Bxc2 23.Rxc2 Nb4 
24.Rf2 Rde8 25.Rf3 Rac8 26.Bf2 Qd8 27.Nxh6+ gxh6 
28.Rg3+ Kf7 29.Qh5+ 1-0

[Event "HCL-E036"]
[Site "www.playchess.de"]
[Date "2001.04.28"]
[Round "5"]
[White "Merscheid"]
[Black "Aramis"]
[WhiteElo "2156"]
[BlackElo "2210"]
[PlyCount "72"]
[Result "0-1"]

1.e4 c5 2.Nf3 d6 3.d4 cxd4 4.Nxd4 Nf6 5.Nc3 g6 
6.Be3 Bg7 7.f3 O-O 8.Qd2 Nc6 9.O-O-O Bd7 10.g4 Rc8 
11.h4 Ne5 12.h5 Qa5 13.Kb1 Nxf3 14.Nxf3 Bxg4 15.h6 
Bxf3 16.hxg7 Rfe8 17.Bg2 Bxd1 18.Qxd1 Kxg7 19.Qf3 
Rc4 20.Nd5 Rxe4 21.Nxf6 exf6 22.Qh3 h5 23.Bxe4 
Rxe4 24.Qf3 Qe5 25.Bd2 d5 26.Rf1 h4 27.Qd1 h3 {It 
seems premature a draw now.Let's play other few 
moves.}  28.Qf3 h2 29.a3 Rh4 30.Rh1 Qe4 31.Qf1 f5 
32.Qd1 f6 33.Bb4 g5 34.Bc5 b6 35.Bf2 Rh3 36.Ka2 
g4 0-1

[Event "ACL-A108"]
[Site "www.playchess.de"]
[Date "2001.04.28"]
[Round "21"]
[White "bobrun"]
[Black "DIG"]
[WhiteElo "1500"]
[BlackElo "1500"]
[PlyCount "42"]
[Result "0-1"]

1.d4 Nf6 2.Nf3 g6 3.Nc3 Bg7 4.e4 d6 5.Bc4 e6 6.O-O 
O-O 7.e5 dxe5 8.Ng5 exd4 9.Ne2 Nc6 10.Re1 h6 
11.Nxf7 Kxf7 12.Nf4 Nd5 13.Bxd5 exd5 14.Qf3 Be5 
15.Nxd5+ Kg7 16.Qa3 Bxh2+ 17.Kxh2 Qh4+ 18.Qh3 Bxh3 
19.gxh3 Rxf2+ 20.Kh1 Qxh3+ 21.Kg1 
Qg2+ 0-1

[Event "HCL-B218"]
[Site "www.playchess.de"]
[Date "2001.04.28"]
[Round "5"]
[White "CHARON"]
[Black "Guigs"]
[WhiteElo "1527"]
[BlackElo "1500"]
[PlyCount "81"]
[Result "1-0"]

1.e4 c6 2.d4 d5 3.Nc3 dxe4 4.Nxe4 Bf5 5.Ng3 Bg6 
6.Nf3 Nf6 7.Bd3 e6 8.O-O Nbd7 9.c4 Bd6 10.Re1 Qc7 
11.Nf5 Bxf5 12.Bxf5 O-O-O 13.Bh3 h6 14.g3 g5 
15.Bg2 g4 16.Nd2 h5 17.c5 Be7 18.Nc4 Nd5 19.Bxd5 
cxd5 20.Bf4 Qc6 21.Nd6+ Bxd6 22.Bxd6 Rdg8 23.b4 
Nf6 24.Be5 Rh6 25.a4 Ne4 26.b5 Qe8 27.c6 Ng5 
28.cxb7+ Kxb7 29.Re3 f6 30.Bf4 Nh3+ 31.Kg2 Nxf4+ 
32.gxf4 f5 33.Rc1 Qd7 34.a5 h4 35.b6 axb6 36.axb6 
Rc8 37.Ra3 Rxc1 38.Qxc1 Qd6 39.Ra7+ Kb8 40.Ra8+ 
Kb7 41.Qc8+ 1-0

[Event "HCL-A098"]
[Site "www.playchess.de"]
[Date "2001.04.28"]
[Round "26"]
[White "nextalby"]
[Black "Goldhair"]
[WhiteElo "2003"]
[BlackElo "1539"]
[PlyCount "137"]
[Result "1-0"]

1.e4 c5 2.Nf3 Nc6 3.d4 cxd4 4.Nxd4 d6 5.Nc3 Nf6 
6.Bg5 e6 7.Qd2 a6 8.O-O-O h6 9.Be3 Be7 10.f4 Nxd4 
11.Bxd4 b5 12.Bd3 b4 13.Na4 Rb8 14.Qf2 O-O 15.Kb1 
Bd7 16.Nb6 Bc6 17.e5 dxe5 18.fxe5 Ng4 19.Qe2 Nxe5 
20.Bxe5 Rxb6 21.Qg4 Bg5 22.Bh7+ Kxh7 23.Rxd8 Rxd8 
24.Bc7 Rb5 25.Bxd8 Bxd8 26.Rd1 Bd5 27.Qf4 Bf6 
28.g3 a5 29.h4 Bg2 30.Qf2 Bc6 31.Qa7 Be4 32.Kc1 
Bg6 33.Rd7 Rf5 34.Qg1 Re5 35.Qf2 Re4 36.Rd3 Be5 
37.a4 Rc4 38.Qe2 Rc8 39.Qxe5 Bxd3 40.c3 bxc3 
41.bxc3 Rc4 42.Kd2 Bf5 43.Qxa5 f6 44.Qb5 Rg4 45.a5 
Rxg3 46.a6 Be4 47.a7 Rg4 48.h5 Rg5 49.Qe8 Rf5 
50.Qxe6 Re5 51.Qg4 Bb7 52.Qb4 Bf3 53.Qb1+ Kh8 
54.Qb8+ Kh7 55.a8Q {%}  Bxa8 56.Qxa8 Rxh5 57.Qe4+ 
f5 58.Qe5 Rg5 59.c4 f4 60.Qxf4 Ra5 61.Qe4+ Kg8 
62.Qe7 Ra2+ 63.Kd3 Kh7 64.c5 Ra3+ 65.Kd4 Ra4+ 
66.Kd5 Ra5 67.Kd6 Ra3 68.Qe4+ Kh8 
69.c6 1-0

[Event "HCL-C223"]
[Site "www.playchess.de"]
[Date "2001.04.28"]
[Round "2"]
[White "Flab"]
[Black "lienk"]
[WhiteElo "717"]
[BlackElo "1070"]
[PlyCount "72"]
[Result "0-1"]

1.e4 e5 2.c3 Nf6 3.f3 Bc5 4.b3 O-O 5.Ba3 Bxa3 
6.Nxa3 d5 7.exd5 Qxd5 8.Bc4 Qc5 9.Nc2 Bf5 10.Ne2 
e4 11.Rf1 Rd8 12.d4 Qd6 13.Rc1 Nbd7 14.Ne3 Qa3 
15.Nxf5 Qxa2 16.Ra1 Qb2 17.Rf2 Nc5 18.Nf4 Qxc3+ 
19.Rd2 b5 20.Rc1 Qb4 21.Rcc2 bxc4 22.Rxc4 Qxb3 
23.Qxb3 Nxb3 24.Rb2 Rab8 25.Ne2 exf3 26.gxf3 g6 
27.Nh6+ Kg7 28.Ng4 a5 29.Ne5 Rb5 30.Nc6 Re8 31.Rc3 
a4 32.Kf2 Nd5 33.Rc4 Nb6 34.Rb4 Rh5 35.h3 Rxh3 
36.Ng1 Rh2+ 0-1

[Event "ACL-A123"]
[Site "www.playchess.de"]
[Date "2001.04.28"]
[Round "12"]
[White "Muniz"]
[Black "Pupser"]
[WhiteElo "1500"]
[BlackElo "1902"]
[PlyCount "34"]
[Result "0-1"]

1.e4 e6 2.d4 d5 3.Nd2 Nf6 4.e5 Nfd7 5.Bd3 c5 6.c3 
Nc6 7.Ne2 cxd4 8.cxd4 f6 9.exf6 Nxf6 10.Nf3 Bd6 
11.O-O O-O 12.Bf4 Bxf4 13.Nxf4 Qd6 14.g3 Qb4 15.b3 
Bd7 16.Re1 Rae8 17.a3 Qb6 0-1

[Event "HCL-B238"]
[Site "www.playchess.de"]
[Date "2001.04.28"]
[Round "5"]
[White "lionkovash"]
[Black "badplayer"]
[WhiteElo "1400"]
[BlackElo "1500"]
[PlyCount "58"]
[Result "0-1"]

1.e4 e5 {if 2Nf3 2...Nc6}  2.Nf3 Nc6 {hi 
lionkovash}  3.Bb5 a6 4.Ba4 {hi badplayer}  Nf6 
5.O-O b5 6.Bb3 Be7 7.Ng5 d5 8.d3 h6 9.Nf3 Bg4 
10.h3 Bxf3 11.Qxf3 Nd4 12.Qd1 dxe4 13.dxe4 Nxb3 
14.axb3 Qxd1 15.Rxd1 Nxe4 16.Nc3 Nxc3 17.bxc3 O-O 
18.Ba3 Rfe8 19.Rd7 Bxa3 20.Rxa3 c6 21.c4 bxc4 
22.bxc4 a5 23.g3 a4 24.Rc7 Ra6 25.Rxa4 Rxa4 
26.Rxc6 Ra2 {your 25th move??}  27.c3 e4 28.c5 e3 
29.fxe3 Rxe3 0-1

[Event "HCL-E039"]
[Site "www.playchess.de"]
[Date "2001.04.28"]
[Round "9"]
[White "Zynaps"]
[Black "unconnected"]
[WhiteElo "2000"]
[BlackElo "2000"]
[PlyCount "67"]
[Result "1-0"]

1.e4 c5 2.c3 d5 3.exd5 Nf6 4.Bb5+ Bd7 5.Bxd7+ Qxd7 
6.c4 e6 7.dxe6 Qxe6+ 8.Qe2 Nc6 9.Qxe6+ fxe6 10.Nc3 
Nb4 11.Ke2 O-O-O 12.Nf3 Nc2 13.Rb1 Nd4+ 14.Nxd4 
cxd4 15.Nd1 d3+ 16.Ke1 a5 17.Ne3 Bc5 18.a3 a4 
19.b4 axb3 {How to play simulnaneously in 2 
tournaments. You have no valid games and playing 
in some HCL tournam}  20.Rxb3 {I have posted an 
error report for this. I will play all the games.} 
 Rhf8 {...and I received message like this "You 
must played at least 2 valid games for enroll to 
more tourn}  21.Bb2 {I got that initially, tried 
again two weeks later, I was allowed in}  h5 {Ok, 
thanks.}  22.f3 Rd7 23.Kd1 g5 24.Re1 h4 25.Bxf6 
Rxf6 26.h3 Rf4 27.Ng4 Rd6 28.Re5 b6 29.Rxg5 Rxc4 
30.Ne5 Ra4 31.Rg4 Rxa3 32.Rxa3 Bxa3 33.Nc4 b5 
{Good game, Zynaps!}  34.Nxd6+ {Indeed so} 
 1-0

[Event "HCL-A108"]
[Site "www.playchess.de"]
[Date "2001.04.28"]
[Round "1"]
[White "GM_Miles"]
[Black "Tarrega"]
[WhiteElo "1600"]
[BlackElo "1690"]
[PlyCount "54"]
[Result "0-1"]

1.e4 e6 2.d4 d5 3.exd5 exd5 4.Nf3 Bd6 5.Bd3 Nc6 
6.O-O Bg4 7.Re1+ Nge7 8.c3 Qd7 9.Nbd2 O-O-O 10.b4 
Ng6 11.a4 Rde8 12.a5 a6 13.Rxe8+ Rxe8 14.b5 Nb8 
15.Qb3 axb5 16.Bxb5 c6 17.Bd3 Nf4 18.Bf1 Ne2+ 
19.Kh1 Nxc1 20.Rxc1 Bf4 21.Ra1 Re6 22.a6 Nxa6 
23.Bxa6 bxa6 24.Rxa6 Qb7 25.Qa3 Bxf3 26.Nxf3 Qb1+ 
27.Ng1 Qxg1+ 0-1

[Event "HCL-A110"]
[Site "www.playchess.de"]
[Date "2001.04.28"]
[Round "9"]
[White "n4337m"]
[Black "daleo"]
[WhiteElo "1700"]
[BlackElo "1700"]
[PlyCount "57"]
[Result "1-0"]

1.e4 {best of luck}  c6 2.d4 g6 {same to you...}  
3.f4 d5 4.e5 Bg7 5.Nd2 Nh6 6.Be2 O-O 7.Nf1 Be6 
8.g4 f6 9.exf6 exf6 10.Be3 Nf7 11.h4 Nh6 12.Nh3 f5 
13.Ng5 Bd7 14.h5 fxg4 15.hxg6 hxg6 16.Ng3 Qb6 
17.Kf2 Bf5 18.c3 Qxb2 19.Nxf5 Nxf5 20.Bd2 g3+ 
21.Kf3 Qa3 22.Kg2 Qd6 23.Bg4 Nd7 24.Qf3 c5 25.Rae1 
Rae8 26.Bxf5 gxf5 27.Rxe8 Rxe8 28.Qh5 Nf6 
29.Qf7+ 1-0

[Event "ACL-A127"]
[Site "www.playchess.de"]
[Date "2001.04.28"]
[Round "25"]
[White "DIG"]
[Black "Holger"]
[WhiteElo "1743"]
[BlackElo "1500"]
[PlyCount "23"]
[Result "1-0"]

1.d4 d5 2.e3 e6 3.Nf3 Bd6 4.Nc3 Nf6 5.Bb5+ c6 
6.Bd3 Bb4 7.O-O Bd6 8.e4 dxe4 9.Nxe4 Ng4 10.Bg5 f6 
11.h3 fxg5 12.hxg4 1-0

[Event "HCL-E043"]
[Site "www.playchess.de"]
[Date "2001.04.28"]
[Round "32"]
[White "peze"]
[Black "Roussos3"]
[WhiteElo "2031"]
[BlackElo "2000"]
[PlyCount "27"]
[Result "1-0"]

1.e4 {Hello and good luck!}  c6 2.c4 e5 3.Nf3 d6 
4.Nc3 Nf6 5.d4 Nbd7 6.Be2 Be7 7.O-O O-O 8.Be3 Re8 
9.d5 c5 10.Ne1 a6 11.a3 g6 12.Qd3 Bf8 13.b4 b6 
14.Nc2 1-0

[Event "HCL-E047"]
[Site "www.playchess.de"]
[Date "2001.04.28"]
[Round "6"]
[White "Yin"]
[Black "Jeroen"]
[WhiteElo "2000"]
[BlackElo "2172"]
[PlyCount "22"]
[Result "0-1"]

1.d4 Nf6 2.c4 c5 3.d5 b5 4.cxb5 a6 5.bxa6 Bxa6 
6.Nc3 g6 7.Nf3 d6 8.g3 Bg7 9.Bg2 Nbd7 10.O-O O-O 
11.Re1 Qa5 0-1

[Event "HCL-C260"]
[Site "www.playchess.de"]
[Date "2001.04.28"]
[Round "6"]
[White "rulo"]
[Black "lostpawn2000"]
[WhiteElo "1000"]
[BlackElo "1521"]
[PlyCount "61"]
[Result "1-0"]

1.e4 c6 2.Bc4 d5 3.exd5 cxd5 4.Bb5+ Bd7 5.Bxd7+ 
Nxd7 6.d4 Ngf6 7.Nf3 e6 8.O-O Bd6 9.Re1 Rc8 10.c3 
Ne4 11.Nbd2 Nef6 12.c4 dxc4 13.Ne4 Nxe4 14.Rxe4 
O-O 15.Qc2 Qc7 16.Rh4 g6 17.Qd2 Nf6 18.Qg5 Be7 
19.Qh6 c3 20.Ng5 Rfe8 21.Nxh7 Nh5 22.Ng5 Bxg5 
23.Bxg5 f6 24.Qxg6+ Ng7 25.Qh7+ Kf7 26.Bh6 Reg8 
27.Rg4 Kf8 28.Bxg7+ Rxg7 29.Qh8+ Ke7 30.Rxg7+ Kd6 
31.Rxc7 1-0

[Event "HCL-C260"]
[Site "www.playchess.de"]
[Date "2001.04.28"]
[Round "9"]
[White "dijk"]
[Black "rulo"]
[WhiteElo "1181"]
[BlackElo "1000"]
[PlyCount "37"]
[Result "1-0"]

1.e4 e5 2.f4 exf4 3.Nf3 d6 4.Bc4 Be6 5.Bxe6 fxe6 
6.d3 e5 7.O-O g5 8.d4 Nd7 9.b3 g4 10.Nfd2 h5 
11.Ba3 Qf6 12.dxe5 Nxe5 13.Nc3 O-O-O 14.Nd5 Qg5 
15.Nxf4 Nf6 16.Ne6 Qe3+ 17.Kh1 Nxe4 18.Nxd8 Nxd2 
19.Re1 1-0

[Event "ACL-A138"]
[Site "www.playchess.de"]
[Date "2001.04.28"]
[Round "30"]
[White "Mathew_Cooke"]
[Black "Emma2001"]
[WhiteElo "1500"]
[BlackElo "1500"]
[PlyCount "37"]
[Result "1-0"]

1.f4 Nc6 2.e4 e5 3.d3 d5 4.Nc3 dxe4 5.Nxe4 exf4 
6.Bxf4 Nf6 7.Bg5 Be7 8.Bxf6 Bxf6 9.Nxf6+ Qxf6 
10.Nf3 Qxb2 11.g3 Bg4 12.Bg2 Bxf3 13.Bxf3 O-O-O 
{letßs make some moves.before we make a ofer draw} 
 14.O-O Nd4 15.Rb1 Qc3 16.Bxb7+ Kd7 17.Rxf7+ Ke8 
18.Qf1 Qxc2 19.Re1+ 1-0

[Event "ACL-A132"]
[Site "www.playchess.de"]
[Date "2001.04.28"]
[Round "5"]
[White "Lycanth"]
[Black "Kimura"]
[WhiteElo "1745"]
[BlackElo "1664"]
[PlyCount "36"]
[Result "0-1"]

1.e4 e5 {Hi!}  2.Nf3 Nc6 3.Bb5 f5 4.Nc3 {hi}  fxe4 
5.Nxe4 d5 6.Nxe5 dxe4 7.Nxc6 Qg5 8.Qe2 Nf6 9.f4 
Qxf4 10.Nxa7+ Bd7 11.Bxd7+ Kxd7 12.Qb5+ Ke6 
13.Qb3+ Kd7 14.Qxb7 Bd6 15.Qb5+ Ke6 16.Qb3+ Ke7 
17.Nc6+ Kd7 18.Nd4 Qh4+ 0-1

[Event "HCL-B266"]
[Site "www.playchess.de"]
[Date "2001.04.28"]
[Round "8"]
[White "BvB09"]
[Black "SAROS"]
[WhiteElo "1500"]
[BlackElo "1276"]
[PlyCount "93"]
[Result "1/2-1/2"]

1.e4 c6 2.Bc4 e6 3.d4 d5 4.exd5 exd5 5.Bb3 Nf6 
6.Bg5 Be7 7.Bxf6 Bxf6 8.Qe2+ Be6 9.Nf3 O-O 10.O-O 
Re8 11.Qd1 Bg4 12.c3 Nd7 13.Re1 Rxe1+ 14.Qxe1 Bxf3 
15.gxf3 Qe7 16.Qxe7 Bxe7 17.Nd2 Bg5 18.Rd1 Re8 
19.c4 dxc4 20.Bxc4 Nb6 21.b3 Nxc4 22.Nxc4 Rd8 
23.Na5 Rb8 24.d5 cxd5 25.Rxd5 Bf6 26.Rd7 b6 27.Nc6 
Ra8 28.Rxa7 Rxa7 29.Nxa7 Bd4 30.Nc6 Bc3 31.Ne7+ 
Kf8 32.Nd5 Bd4 33.a4 Ke8 34.b4 Kd7 35.a5 bxa5 
36.bxa5 Kc6 37.Ne7+ Kb5 38.Nf5 Be5 39.Ne7 Bf6 
40.Nc8 Kxa5 41.Nd6 Kb6 42.Nxf7 Kc5 43.f4 Kd5 
44.Kg2 Ke6 45.Ng5+ Bxg5 46.f5+ Kxf5 47.Kg3 {please 
let´s make a ofer draw,i dont have to f4 g5,i have 
f4 f5 it was stupid from me.when you good.} 
 1/2-1/2

[Event "HCL-B267"]
[Site "www.playchess.de"]
[Date "2001.04.28"]
[Round "10"]
[White "Mother_Teresa"]
[Black "Sturk"]
[WhiteElo "1173"]
[BlackElo "1626"]
[PlyCount "58"]
[Result "0-1"]

1.e4 e5 {Hi, I hope we have a good game}  2.Nf3 
{Hello from Arizona, USA.}  Nc6 {I'm from 
Blackheath in NSW}  3.Bc4 Nf6 4.d3 d5 5.exd5 Nxd5 
6.O-O Bg4 7.Bg5 f6 8.Bh4 Nd4 9.Nbd2 Be7 10.h3 Bh5 
11.Qe1 Nxc2 12.Qe4 c6 13.Rac1 Bg6 14.Qe2 Nf4 
15.Qd1 Nb4 16.Ne4 Nbxd3 17.Bxd3 Nxd3 18.Rc4 Nxb2 
19.Qxd8+ Rxd8 20.Rc2 Bxe4 21.Rxb2 Rd7 22.Nd2 Bg6 
23.f3 Bc5+ 24.Bf2 Bxf2+ 25.Rxf2 O-O 26.Kh2 Rfd8 
27.Nb3 b6 28.Rfd2 Bf7 29.Rxd7 Rxd7 0-1

[Event "HCL-B268"]
[Site "www.playchess.de"]
[Date "2001.04.28"]
[Round "7"]
[White "WoodbGM"]
[Black "Gyr"]
[WhiteElo "1200"]
[BlackElo "1589"]
[PlyCount "38"]
[Result "0-1"]

1.c4 e6 2.d4 d5 3.e3 Nf6 4.Nf3 Be7 5.Bd3 dxc4 
6.Bxc4 c5 7.O-O O-O 8.Nc3 Nc6 9.h3 b6 10.dxc5 Bxc5 
11.Qxd8 Rxd8 12.a3 Na5 13.Ba2 Be7 14.Ne5 Bb7 15.e4 
Nxe4 16.Nxe4 Bxe4 17.f3 Bb7 18.b4 Nc6 19.Nxc6 
Bxc6 0-1

[Event "HCL-B274"]
[Site "www.playchess.de"]
[Date "2001.04.28"]
[Round "3"]
[White "helmet"]
[Black "Matu"]
[WhiteElo "1315"]
[BlackElo "1563"]
[PlyCount "38"]
[Result "0-1"]

1.d4 Nf6 2.Nf3 e6 3.e3 c5 4.Nc3 d5 5.Be2 Nc6 6.O-O 
a6 7.Na4 c4 8.b3 b5 9.Nb2 Ne4 10.Nd2 Nc3 11.Qe1 
Nxe2+ 12.Qxe2 c3 13.Nd1 cxd2 14.Bxd2 Bd6 15.e4 
Nxd4 16.Qg4 Qf6 17.exd5 e5 18.Qh5 Qg6 19.Qh4 
Nf3+ 0-1

[Event "HCL-B274"]
[Site "www.playchess.de"]
[Date "2001.04.28"]
[Round "10"]
[White "vijal"]
[Black "b_champ"]
[WhiteElo "740"]
[BlackElo "1500"]
[PlyCount "21"]
[Result "1-0"]

1.e4 b6 {hi}  2.Nf3 Bb7 3.d4 Bxe4 4.Bd3 Bxd3 
5.Qxd3 Nf6 6.c4 e6 7.Nc3 d5 8.cxd5 Nxd5 9.Nxd5 
Qxd5 10.O-O Bd6 11.h3 1-0

[Event "HCL-B275"]
[Site "www.playchess.de"]
[Date "2001.04.28"]
[Round "17"]
[White "vijal"]
[Black "Grom"]
[WhiteElo "740"]
[BlackElo "1200"]
[PlyCount "118"]
[Result "0-1"]

1.d4 Nf6 2.Nf3 g6 3.e3 Bg7 4.c4 c5 5.Nc3 O-O 6.b3 
cxd4 7.exd4 d5 8.Bb2 Nc6 9.cxd5 Nxd5 10.Nxd5 Qxd5 
11.Bc4 Qe4+ 12.Qe2 Qxe2+ 13.Bxe2 Rd8 14.Rd1 Bg4 
15.O-O Rab8 16.h3 Bxf3 17.Bxf3 Nxd4 18.Bxd4 Rxd4 
19.Rxd4 Bxd4 20.Rd1 Bf6 21.Rd7 b6 22.Rxa7 Rc8 
23.Ra8 Rxa8 24.Bxa8 Bd4 {It's klassical drow 
position, sorry}  25.Kf1 Kg7 26.a4 Kf6 27.Bd5 e6 
28.Bc4 Ke5 29.Ke2 Kf4 30.g3+ Ke5 31.f3 Bc5 32.Kd3 
h5 33.Ke2 g5 34.Bb5 h4 35.gxh4 gxh4 36.Be8 f6 
37.Kd3 Kf4 38.Ke2 Kg3 39.Bd7 Kxh3 40.Bxe6+ Kg3 
41.Kd3 Kxf3 42.Kc4 Kf4 43.b4 Bg1 44.a5 bxa5 
45.bxa5 Ke5 46.Bh3 f5 47.Kd3 f4 48.Ke2 Be3 49.Kf3 
Kd5 50.a6 Kc6 51.Bc8 Kc7 52.Bb7 h3 53.Be4 Kb6 
54.Bb7 Ka7 55.Bc8 h2 56.Kg2 Bg1 57.Bb7 f3+ 58.Kh1 
f2 59.Kg2 h1Q+ {%}  0-1

[Event "ACL-A148"]
[Site "www.playchess.de"]
[Date "2001.04.28"]
[Round "2"]
[White "pierrette"]
[Black "supercazzola"]
[WhiteElo "1500"]
[BlackElo "1672"]
[PlyCount "43"]
[Result "1/2-1/2"]

1.c4 g5 2.Nc3 Bg7 3.g3 d6 4.Bg2 g4 5.d4 c6 6.e3 
Qb6 7.Nge2 Nf6 8.O-O h5 9.c5 dxc5 10.Na4 Qc7 
11.Nxc5 Nbd7 12.Nxd7 Bxd7 13.Bd2 h4 14.Rc1 Bf5 
15.d5 Be4 16.dxc6 Bxg2 17.Kxg2 bxc6 18.Qa4 Rc8 
19.Nd4 Qd7 20.Rxc6 Rxc6 21.Qxc6 Qxc6+ 
22.Nxc6 1/2-1/2

[Event "HCL-B281"]
[Site "www.playchess.de"]
[Date "2001.04.28"]
[Round "7"]
[White "starcity"]
[Black "ulibear"]
[WhiteElo "1200"]
[BlackElo "1330"]
[PlyCount "57"]
[Result "1-0"]

1.d4 {your turn...}  d5 2.Bf4 {yea}  e6 3.Nf3 c5 
4.c3 Qb6 5.b3 Nc6 {the French once more}  6.e3 
cxd4 7.exd4 Nf6 8.h3 Ne4 9.Bd3 Be7 10.O-O O-O 
11.Qc2 f5 12.Re1 Bd7 13.Ne5 Nxe5 14.Bxe5 Bd6 {good 
struggle from both of us t}  15.Bxd6 Qxd6 16.Nd2 
Rac8 {fihgting for centre domination! :-)}  17.c4 
Qf4 18.Nf3 dxc4 {I risk a bit}  19.Bxe4 fxe4 
20.Qxe4 Qxe4 21.Rxe4 Rf6 22.Ne5 Bc6 23.Re3 Bd5 
24.bxc4 Bxc4 25.Rc3 b5 {expected .... :-)}  
26.Rac1 Rf4 {feeling your pressure}  27.Nxc4 Rxd4 
28.Ne5 Rxc3 {strong knight move I did not see}  
29.Rxc3 1-0

[Event "HCL-B281"]
[Site "www.playchess.de"]
[Date "2001.04.28"]
[Round "26"]
[White "starcity"]
[Black "Torenvalk"]
[WhiteElo "1200"]
[BlackElo "1502"]
[PlyCount "72"]
[Result "0-1"]

1.e4 e5 2.Nf3 Nc6 3.Bb5 a6 4.Bc4 Bc5 5.d3 d6 6.Ng5 
Nh6 7.h3 O-O 8.Qh5 Qf6 9.Nf3 Nd4 10.Nxd4 Bxd4 
11.Rf1 Kh8 12.c3 Bb6 13.Nd2 Ng8 14.Nf3 g6 15.Qh4 
Qxh4 16.Nxh4 f5 17.f4 fxe4 18.dxe4 exf4 19.Bxf4 
Bd7 20.O-O-O Rae8 21.Bd3 Rxf4 22.Rxf4 Be3+ 23.Kc2 
Bxf4 24.Rf1 g5 25.Nf3 h6 26.Nd4 Ne7 27.b4 Nc6 
28.Ne2 Be3 29.Ng3 Ne5 30.Rf6 Re6 31.Rf8+ Kg7 
32.Rb8 Ba4+ {Great game!}  33.Kb1 Nxd3 34.Nf5+ Kh7 
35.Nxe3 Rxe4 36.Nd5 Re1+ {CHECKMATE} 
 0-1

[Event "HCL-A130"]
[Site "www.playchess.de"]
[Date "2001.04.28"]
[Round "10"]
[White "THEGREENMILE"]
[Black "Lydeking"]
[WhiteElo "1700"]
[BlackElo "1661"]
[PlyCount "29"]
[Result "1/2-1/2"]

1.d4 Nf6 2.c4 g6 3.Nc3 Bg7 4.e4 d6 5.Nf3 O-O 6.Be2 
{fly on the wings of love}  e5 7.O-O Nc6 8.d5 Ne7 
9.b4 Nh5 10.Re1 f5 11.Ng5 Nf6 12.Bf3 c6 13.Be3 
cxd5 14.cxd5 h6 15.Ne6 1/2-1/2

[Event "ACL-A153"]
[Site "www.playchess.de"]
[Date "2001.04.28"]
[Round "7"]
[White "THEGREENMILE"]
[Black "andrus"]
[WhiteElo "1391"]
[BlackElo "1500"]
[PlyCount "55"]
[Result "1/2-1/2"]

1.d4 d5 2.c4 {country??}  c6 {Belarus}  3.Nc3 
{sorry i didnt know the flag so i asked}  Nf6 
4.Nf3 e6 5.Bg5 h6 6.Bh4 dxc4 7.e4 g5 8.Bg3 b5 
9.Be2 Bb7 10.O-O b4 11.e5 bxc3 12.exf6 cxb2 13.Rb1 
Ba6 14.Rxb2 Nd7 15.Qa4 Bb5 16.Qc2 Ba3 17.Rbb1 Nxf6 
18.Bxc4 a6 19.Rfe1 Nd5 20.Ne5 Rc8 21.Qb3 Qa5 
22.Qf3 Rf8 23.Qh5 Qc3 24.Bxd5 cxd5 25.Qxh6 Be7 
26.Nf3 Bd3 27.Rb3 Qc2 28.Rb7 1/2-1/2

[Event "HCL-B286"]
[Site "www.playchess.de"]
[Date "2001.04.28"]
[Round "4"]
[White "Squire_Bob"]
[Black "SAROS"]
[WhiteElo "1200"]
[BlackElo "1266"]
[PlyCount "63"]
[Result "1-0"]

1.d4 {Good wishes to you}  b6 {Hi and good luck}  
2.c4 e6 3.Nc3 Bb4 4.Qb3 a5 5.Bf4 Nc6 6.a3 Nxd4 
7.Qd1 Bxc3+ 8.bxc3 Nf5 9.e4 Nfe7 10.Be5 f6 11.Bg3 
Bb7 12.Qh5+ g6 13.Qe2 Nc8 14.Nf3 Nh6 15.c5 bxc5 
16.Rb1 Ra7 17.Qe3 Nf7 18.Bd3 d6 19.O-O Nb6 20.Bb5+ 
c6 21.Be2 e5 22.Rb2 Nd7 23.Rfb1 {We should play 
five more moves before we agree on a draw}  Qc7 
24.Nd2 Ke7 25.f4 Rb8 26.fxe5 fxe5 27.Bh4+ Ke8 
28.Rf1 Ba6 29.Qf3 Nf8 30.Qxf7+ Qxf7 31.Rxb8+ Kd7 
32.Rxf7+ 1-0

[Event "HCL-B287"]
[Site "www.playchess.de"]
[Date "2001.04.28"]
[Round "3"]
[White "scylla"]
[Black "PCChess"]
[WhiteElo "1501"]
[BlackElo "1500"]
[PlyCount "89"]
[Result "1-0"]

1.d4 b6 2.c4 e6 3.Nc3 Bb7 4.e4 Bb4 5.f3 d5 6.cxd5 
exd5 7.e5 c5 8.Bb5+ Bc6 9.Qa4 Bxc3+ 10.bxc3 Qd7 
11.Bxc6 Nxc6 12.Bf4 Nxe5 13.Qxd7+ 
{blunderbbutallisnotlost}  Nxd7 14.Kf2 Nf8 15.Re1+ 
Ne6 16.Nh3 Ne7 17.dxc5 bxc5 18.Bd6 Kd7 19.Bxe7 
Kxe7 20.Nf4 Rhd8 21.Re2 Kf6 22.Nh5+ Kg6 23.g4 Rde8 
24.Rhe1 Red8 25.h4 Rd7 26.Ng3 Nf4 27.h5+ Kh6 
28.g5+ Kxg5 29.R2e5+ Kh6 30.Nf5+ Kxh5 31.Nxg7+ Kh6 
32.Nf5+ Kg6 33.Nh4+ Kg7 34.Rg1+ Ng6 35.Rh5 Rc8 
36.f4 Kf6 37.Rh6 Ke7 38.Nxg6+ hxg6 39.Rh7 Kd8 
40.Rd1 d4 41.cxd4 cxd4 42.Rh8+ Kc7 43.Rc1+ Kb7 
44.Rhxc8 d3 45.R8c3 1-0

[Event "ACL-E008"]
[Site "www.playchess.de"]
[Date "2001.04.28"]
[Round "19"]
[White "Goofy"]
[Black "Dany"]
[WhiteElo "1743"]
[BlackElo "1479"]
[PlyCount "43"]
[Result "1-0"]

1.d4 d5 2.Nf3 Nf6 3.c4 c6 4.Nc3 Bf5 5.cxd5 cxd5 
6.Bf4 Nc6 7.e3 e6 8.Bb5 a6 9.Bxc6+ bxc6 10.Qa4 Qb6 
11.Ne5 Rc8 12.O-O Bd6 13.Nxf7 Bxf4 14.Nxh8 Bd6 
15.f3 Bd3 16.Rf2 Ke7 17.Qd1 Bb5 18.e4 dxe4 19.fxe4 
Bc7 20.e5 Nd5 21.Qg4 g6 22.Rf7+ 1-0